| 000 | 00928nam a2200277Ia 4500 | ||
|---|---|---|---|
| 003 | IN-BaIIA | ||
| 008 | 211028s9999 xx s 000 0 eng d | ||
| 020 | _a978-3-540-42213-6 (Print) | ||
| 020 | _a978-3-540-45339-0 (Online) | ||
| 022 | _a0075-8450 (Print) | ||
| 022 | _a1616-6361 (Online) | ||
| 040 | _cIIA Library | ||
| 100 |
_aBoffin, H.M.J., ed. _925592 |
||
| 245 | 0 |
_aAstrotomography _h[eBook] |
|
| 260 |
_aHeidelberg, Berlin _bSpringer Berlin Heidelberg _c2001 |
||
| 300 | _aOnline resource | ||
| 490 | _aLecture Notes in Physics | ||
| 650 |
_a Astronomy, Observations and Techniques _932107 |
||
| 650 |
_a Astrophysics and Astroparticles _918344 |
||
| 650 |
_a Measurement Science and Instrumentation _936561 |
||
| 650 |
_aPhysics _973 |
||
| 700 |
_aCuypers, J., ed. _925593 |
||
| 700 |
_aSteeghs, D., ed. _925594 |
||
| 856 |
_uhttp://doi.org/10.1007/3-540-45339-3 _yClick Here to Access eBook |
||
| 942 | _cEB | ||
| 999 |
_c21622 _d21622 |
||